Racionalizácia a metodika konštruovania výberový zoznam z domácej a zahraničnej literatúry

Na minha lista:
Detalhes bibliográficos
Formato: Livro
Idioma:eslovaco
Publicado em: Bratislava Slovenská technická knižnica 1984
Tags: Adicionar Tag
Sem tags, seja o primeiro a adicionar uma tag!

MARC

LEADER 00000nam a2200000 4500
001 c116767
005 20240823095721.4
041 0 |a slo 
044 |a SK 
245 1 0 |a Racionalizácia a metodika konštruovania  |b výberový zoznam z domácej a zahraničnej literatúry  |c Elena Machová 
264 1 |a Bratislava  |b Slovenská technická knižnica  |c 1984 
300 |a 97 s.